| 000 | 00975cam a22002411 4500 | ||
|---|---|---|---|
| 001 | e 52000039 | ||
| 003 | DLC | ||
| 005 | 20260227111234.0 | ||
| 008 | 830108s1952 dcua 000 0 eng | ||
| 010 | _ae 52000039 | ||
| 035 | _a(OCoLC)16764360 | ||
| 040 |
_aDLC _cOrPS _dDLC |
||
| 050 | 0 | 0 |
_aL111 _b.A6 1952, no. 11 |
| 051 |
_aLC4601 _b.H54 |
||
| 100 | 1 |
_aHill, Arthur S. _q(Arthur Stuart), _d1902- |
|
| 245 | 1 | 4 |
_aThe forward look; _bthe severely retarded child goes to school. |
| 260 |
_a[Washington] _bFederal Security Agency, Office of Education _c[1952] |
||
| 300 |
_avi, 54 p. _billus. _c23 cm. |
||
| 501 |
_aCopies 1 and 2 of L111.A6 with: Know your school law / Ward W. Keesecker. Washington : Govt. Print. Off., 1952. Bound together subsequent to publication. _5DLC |
||
| 650 | 0 |
_aChildren with mental disabilities _xEducation. |
|
| 740 | 0 | _aThe severely retarded child goes to school. | |
| 830 | 0 |
_aBulletin (United States. Office of Education) ; _v1952, no. 11. |
|
| 999 |
_c22179 _d22179 |
||